000 01510nam a22002177a 4500
999 _c57644
_d57644
003 Ge_BSU
005 20210427124358.0
008 200825s2016 ge ||||| |||| 00| 0 geo d
020 _a9789941947742
041 _ageo
080 _a347.721(479.22) ც-43
100 _aცერცვაძე, ლაშა.
_99307
245 _aდირექტორატის მოვალეობები კომპანიების შერწყმისას და საკონტროლო პაკეტის გასხვისებისას :
_b (შედარებით-სამართლებრივი ანალიზი) /
_c ლაშა ცერცვაძე ; სამეცნ.ხელმძღ. ირაკლი ბურდული.
264 _aთბილისი :
_bიურისტების სამყარო,
_c2016.
300 _a340 გვ. ;
_b20 სმ.
500 _aთავფურ. მე-3 გვერდი ინგლ. ენაზე.
653 _aკორპორაციული სამართალი საქართველოში
700 _aბურდული, ირაკლი
_eსამეცნ. ხელმძღვანელი
_97029
710 _aსაკორპორაციო, საბანკო და ეკონომიკური სამართლის ინ-ტი.
_99308
_bთსუ. იურიდიული ფაკ-ტი.
942 _2udc
_cBK